| 000 | 00698nam a22001937i 4500 | ||
|---|---|---|---|
| 999 |
_c23205 _d23205 |
||
| 003 | AR-CdUCM | ||
| 008 | 250129b20232023 pe||||| |||| 00| 0 spa d | ||
| 020 | _a978-612-00-8938-5 | ||
| 040 |
_aMUNICIPALIDAD PROVINCIAL DEL CUSCO _cBIBLIOTECA MUNICIPAL DEL CUSCO |
||
| 041 | _hspa | ||
| 082 |
_a844 / L25 _bL25 |
||
| 100 |
_aLarco de la Puente de Potocki, Rosa Susana _950985 |
||
| 245 | _aLos Salones Franceses Literarios-Siglos XVII-XX / | ||
| 260 |
_aLima : _bAutor Editor _c2023 |
||
| 300 |
_a603 páginas. : _c20x15 cm. |
||
| 505 | _aCatalina de Vivonne -- Ana de Lenclos -- Jeanne Julie Éleonore -- juliette Récamier -- Paolinne García | ||
| 942 |
_2ddc _cLIBROS |
||
| 945 |
_apbjr _d29-01-2025 |
||